01026naa#a2200205#i#4500001001600000005001700016011001400033100004100047101000800088102000700096200026700103210011400370215001000484608004500494675010100539700005200640700005400692700006000746856001400806RU\\bibl\10282020260511052454.1##a2073-0462##a20250901b2025####ek#y0rusy0150####ca0#aRUS##aRU1#aВЛИЯНИЕ ГИДРОТЕРМИЧЕСКИХ УСЛОВИЙ ВЕГЕТАЦИИ НА НАКОПЛЕНИЕ СУХОГО ВЕЩЕСТВА РАСТЕНИЯМИ ГРЕЧИХИ В УСЛОВИЯХ СРЕДНЕГО ПОВОЛЖЬЯeЖурнальная статья1#aКазаньcКазанский государственный аграрный университетd2025##a6 с.##aЖурнальная статья2local##aГречиха. Fagopyrum Tourn. spp.. 633.12aМорфология растений. 581.4zRUS#1aКлимоваgЛилия Рафкатовна#1aКадыроваgФануся Загитовна#1aИматуллинаgГульназ Илфатовна4#azh-szf.ru